000 00335nam a2200121Ia 4500
008 190216s9999||||xx |||||||||||||| ||und||
100 _aMargery Green
245 4 _aThe Arabian Nights
260 _bMacmillan India Ltd
_c1959
300 _a100p
650 _aEnglish Stories-English Stories-English Stories-English Stories
942 _cBK
999 _c14095
_d14095